Svjaz' vysšego obrazovanija i proizvodstva v stranach Zapada.

Zložitosť adaptácie systému vzdelávania k podmienkam trhovej ekonomiky. Západné skúsenosti zo spolupráce vysokých škôl a priemyslu. Rozvíjanie tejto spolupráce v piatich najprogresívnejších krajinách Západu: USA, Japonska, Francúzska, V. Británie a SRN. Financovanie vzdelania v podmienkach trhovej e...

ver descrição completa

Na minha lista:
Detalhes bibliográficos
Autor principal: Galagan, A.
Formato: Capítulo de Livro
Idioma:russo
Assuntos:
Tags: Adicionar Tag
Sem tags, seja o primeiro a adicionar uma tag!

MARC

LEADER 00000naa a2200000 4500
001 r004191
005 20221130102952.2
041 0 |a rus 
044 |a [SU] 
245 1 0 |a Svjaz' vysšego obrazovanija i proizvodstva v stranach Zapada.  |c A. Galagan 
520 |a Zložitosť adaptácie systému vzdelávania k podmienkam trhovej ekonomiky. Západné skúsenosti zo spolupráce vysokých škôl a priemyslu. Rozvíjanie tejto spolupráce v piatich najprogresívnejších krajinách Západu: USA, Japonska, Francúzska, V. Británie a SRN. Financovanie vzdelania v podmienkach trhovej ekonomiky. Regulovanie trhu práce a zamestnanosti mladých špecialistov. 
610 2 0 |a vzdelanie vysokoškolské 
610 2 0 |a priemysel 
610 2 0 |a školy vysoké 
610 2 0 |a USA 
610 2 0 |a Japonsko 
610 2 0 |a Francúzsko 
610 2 0 |a Veľká Británia 
610 2 0 |a Nemecko 
610 2 0 |a trh práce 
610 2 0 |a hospodárstvo trhové 
610 2 0 |a zamestnanosť 
100 1 |a Galagan, A.